00699 a2200205 4500000002100000001000700021005001700028008004100045020001800086082002100104100002000125245005100145250001200196260002800208300001000236630001600246690010000262999001700362952011400379BKB 14110520200902165500.0  a9780415239707 a361.320941bP24P1 aParrott, Lester1 aSocial work and social carecby Lester Parrott a2nd ed. aLondonbRoutledgec2002 a208p. aSocial Work aSocial service; Great Britain; Public welfare; Social service--Government policy; Social policy c21155d21155 00104070aCURAJbCURAJd2014-03-12g0.00l1o361.320941 P24Pp17176r2024-11-21s2021-02-09w2020-09-02yBK